000 00951nam a22002417a 4500
001 7587
003 FISKH
005 20250725084101.0
008 250725b cb ||||| |||| 00| 0 eng d
020 _a9780856485176
040 _aFISKH
_beng
_cFISKH
_dFISKH
050 _aPZ7
082 _a535
100 _aSmeltzer, Patricia
245 _aLight /
_cPatricia and Victor Smeltzer
260 _aHert :
_bLion Publishing,
_c1984.
300 _a30 pages :
_bcolor illustrations ;
_c25 cm
520 _aLight by Victor R. Smeltzer is a science textbook designed to introduce students to the properties, behavior, and applications of light. Topics typically include the nature of light, reflection, refraction, lenses, and color. It was widely used in educational settings in the 1960s and 1970s.
650 _aLight
_vOptics
_xReflection and Refraction
700 _aSmeltzer, Victor R.
_eAuthor
942 _2ddc
_cBK
_n0
999 _c7587
_d7587